Open source softvéry v MSP na Východnom Slovensku
Open source softvéry (OSS) ako jedna z foriem otvorených inovácií v oblasti informačných technológií. Prenos inovácií z podniku do podniku medzi rôznymi sektormi a oblasťami výskumu. Rozšírenie získavania a využívania externých technológií. Podniky využívajúce OSS vo Východoslovenskom kraji.
Salvato in:
| Autore principale: | |
|---|---|
| Natura: | Capitolo di libro |
| Lingua: | slovacco |
| Soggetti: | |
| Tags: |
Nessun Tag, puoi essere il primo ad aggiungerne!!
|
MARC
| LEADER | 00000naa$a2200000$$$4500 | ||
|---|---|---|---|
| 001 | 0115846 | ||
| 005 | 20240502072306.8 | ||
| 041 | 0 | |a slo | |
| 044 | |a SK | ||
| 245 | 1 | 0 | |a Open source softvéry v MSP na Východnom Slovensku |c Lenka Pelegrínová |
| 520 | |a Open source softvéry (OSS) ako jedna z foriem otvorených inovácií v oblasti informačných technológií. Prenos inovácií z podniku do podniku medzi rôznymi sektormi a oblasťami výskumu. Rozšírenie získavania a využívania externých technológií. Podniky využívajúce OSS vo Východoslovenskom kraji. | ||
| 610 | 2 | 0 | |a ekonomika sieťová |
| 610 | 2 | 0 | |a technológie informačné |
| 610 | 2 | 0 | |a produkty softvérové |
| 610 | 2 | 0 | |a prenos dát |
| 610 | 2 | 0 | |a klient-server |
| 610 | 2 | 0 | |a programy počítačové |
| 610 | 2 | 0 | |a systémy operačné |
| 100 | 1 | |a Pelegrinová, Lenka, 1983- | |